[Event "Pan American-ch School U15 12th"]
[Site "Callao"]
[Date "2023.10.17"]
[Round "4"]
[White "Ramirez Sifuentes, Luis Angel"]
[Black "Ilasaca Gaona, Owen Hisahito"]
[Result "1-0"]
[WhiteElo "1871"]
[BlackElo "1691"]
[PlyCount "91"]
[EventDate "2023.10.16"]
[EventType "swiss"]
[EventRounds "9"]
[EventCountry "PER"]
[SourceTitle "Mega2024 Update 01"]
[Source "Chessbase"]
[SourceDate "2023.11.12"]
[SourceVersion "1"]
[SourceVersionDate "2023.11.12"]
[SourceQuality "1"]

1. e4 c5 2. Nf3 e6 3. b3 b6 4. Bb2 Bb7 5. Nc3 a6 6. Qe2 d6 7. d4 cxd4 8. Nxd4 Qc7 9. 0-0-0 b5 10. g3 Nf6 11. Bg2 Nbd7 12. a3 Be7 13. f4 0-0-0 14. g4 Nb6 15. g5 Nfd7 16. h4 Nc5 17. f5 e5 18. Nf3 f6 19. gxf6 gxf6 20. Nd2 d5 21. exd5 Nxd5 22. Bxd5 Bxd5 23. Rhg1 Bf7 24. Qf3 Kb8 25. Kb1 Rhg8 26. Rxg8 Bxg8 27. Nf1 Rxd1+ 28. Qxd1 Bf7 29. Ne3 Qd7 30. Qg4 Bf8 31. Qg2 Bh6 32. Ng4 Bf4 33. Nxf6 Qxf5 34. Qc6 Qe6 35. Qxc5 Qxf6 36. Ne4 Qd8 37. Bxe5+ Bxe5 38. Qxe5+ Ka8 39. Nd6 Qg8 40. Qc5 Qg2 41. Qc8+ Ka7 42. Qc7+ Ka8 43. Qxf7 Qh1+ 44. Kb2 Qc6 45. Qe8+ Qxe8 46. Nxe8 1-0

[Event "Pan American-ch School U15 12th"]
[Site "Callao"]
[Date "2023.10.16"]
[Round "1"]
[White "Anticona Bocanegra, Fabrizio Aaron"]
[Black "Ramirez Sifuentes, Luis Angel"]
[Result "0-1"]
[WhiteElo "1354"]
[BlackElo "1871"]
[PlyCount "60"]
[EventDate "2023.10.16"]
[EventType "swiss"]
[EventRounds "9"]
[EventCountry "PER"]
[SourceTitle "Mega2024 Update 01"]
[Source "Chessbase"]
[SourceDate "2023.11.12"]
[SourceVersion "1"]
[SourceVersionDate "2023.11.12"]
[SourceQuality "1"]

1. Nf3 Nf6 2. g3 d6 3. Bg2 e5 4. d3 h6 5. c4 Be7 6. Nc3 0-0 7. 0-0 c6 8. e4 Be6 9. b3 c5 10. Nh4 Qd7 11. Nd5 Nc6 12. Bb2 Nd4 13. Bxd4 cxd4 14. Nxe7+ Qxe7 15. f4 Ng4 16. Qd2 Ne3 17. f5 Nxf1 18. Rxf1 Qg5 19. Qxg5 hxg5 20. Nf3 g4 21. fxe6 gxf3 22. Bh3 fxe6 23. Bxe6+ Kh7 24. h3 Rf6 25. Bg4 a6 26. Bxf3 b5 27. Be2 bxc4 28. dxc4 a5 29. a4 Raf8 30. Kg2 Kg6 0-1

[Event "South America-ch 1st"]
[Site "Lima"]
[Date "2023.09.19"]
[Round "6"]
[White "Ramirez Sifuentes, Luis Angel"]
[Black "Cardenas Huachaca, Alessandro Jair"]
[Result "1-0"]
[WhiteElo "1768"]
[BlackElo "1286"]
[PlyCount "40"]
[EventDate "2023.09.14"]
[EventType "swiss"]
[EventRounds "9"]
[EventCountry "PER"]
[SourceTitle "EXT 2024"]
[Source "ChessBase"]
[SourceDate "2023.10.10"]
[SourceVersion "1"]
[SourceVersionDate "2023.10.10"]
[SourceQuality "1"]

1. e4 c5 2. Nc3 d6 3. f4 Nc6 4. Nf3 g6 5. Bc4 Bg7 6. 0-0 e6 7. f5 exf5 8. d3 Nge7 9. Qe1 Nd4 10. Ng5 Be6 11. Nxe6 fxe6 12. exf5 exf5 13. Qh4 Nec6 14. Bg5 Qd7 15. Nd5 h6 16. Rae1+ Ne5 17. Nf6+ Bxf6 18. Bxf6 Rh7 19. Bxe5 dxe5 20. Rxe5+ Kf8 1-0

[Event "South America-ch 1st"]
[Site "Lima"]
[Date "2023.09.17"]
[Round "4"]
[White "Ramirez Sifuentes, Luis Angel"]
[Black "Levano Loayza, Adriano Jaffet"]
[Result "1/2-1/2"]
[WhiteElo "1768"]
[BlackElo "1424"]
[PlyCount "74"]
[EventDate "2023.09.14"]
[EventType "swiss"]
[EventRounds "9"]
[EventCountry "PER"]
[SourceTitle "EXT 2024"]
[Source "ChessBase"]
[SourceDate "2023.10.10"]
[SourceVersion "1"]
[SourceVersionDate "2023.10.10"]
[SourceQuality "1"]

1. d4 d5 2. Nf3 Nf6 3. e3 e6 4. Bd3 Bd6 5. 0-0 0-0 6. Nbd2 Nbd7 7. Qe2 e5 8. dxe5 Nxe5 9. Nxe5 Bxe5 10. h3 Re8 11. Nf3 Bd6 12. b3 b6 13. Bb2 Bb7 14. a4 a6 15. a5 b5 16. c4 b4 17. Rfd1 Qe7 18. Nd4 dxc4 19. Nf5 Qe6 20. bxc4 Be5 21. Nd4 Qe7 22. Qc2 c5 23. Nb3 Ne4 24. Bxe5 Qxe5 25. Bxe4 Bxe4 26. Qd2 Qg5 27. f4 Qe7 28. Rac1 Rad8 29. Qe2 Bc6 30. Re1 Ba4 31. Nd2 Qd7 32. Nf3 Qd3 33. Qf2 f6 34. e4 Rxe4 35. Qxc5 Rxe1+ 36. Rxe1 Qd6 37. Qa7 b3 1/2-1/2

[Event "South America-ch Rapid 1st"]
[Site "Lima"]
[Date "2023.09.17"]
[Round "9"]
[White "Terry, Renato"]
[Black "Ramirez Sifuentes, Luis Angel"]
[Result "1-0"]
[WhiteElo "2520"]
[BlackElo "1768"]
[PlyCount "85"]
[EventDate "2023.09.16"]
[EventType "swiss (rapid)"]
[EventRounds "9"]
[EventCountry "PER"]
[SourceTitle "EXT 2024"]
[Source "ChessBase"]
[SourceDate "2023.10.10"]
[SourceVersion "1"]
[SourceVersionDate "2023.10.10"]
[SourceQuality "1"]

1. d4 Nf6 2. Bg5 Ne4 3. Bf4 d5 4. Nd2 g6 5. Nxe4 dxe4 6. Be5 f6 7. Bg3 Bg7 8. e3 Be6 9. h4 h5 10. c3 c6 11. Qc2 Qd5 12. Ne2 Bh6 13. Bf4 Bf5 14. Bxh6 Rxh6 15. Nf4 Qf7 16. Qa4 b5 17. Qa5 g5 18. Ne2 Nd7 19. Ng3 Bg6 20. a4 bxa4 21. hxg5 fxg5 22. Qxg5 Rh8 23. Bc4 Qxc4 24. Qxg6+ Kd8 25. Qxe4 Qb5 26. Qc2 Nb6 27. Ne4 Rg8 28. g3 Qf5 29. Rh4 Rg4 30. Rxg4 hxg4 31. Qd3 Kc7 32. Nc5 Qf3 33. Qe4 Rh8 34. Qe5+ Kc8 35. Qxh8+ Kc7 36. Qe5+ Kd8 37. Qe4 Qf6 38. Qxg4 Qh6 39. 0-0-0 a3 40. bxa3 Kc7 41. Qf4+ Qxf4 42. Ne6+ Kd6 43. Nxf4 1-0

[Event "South America-ch 1st"]
[Site "Lima"]
[Date "2023.09.15"]
[Round "2"]
[White "Ramirez Sifuentes, Luis Angel"]
[Black "Vivas Zamora, Fabian Ernesto"]
[Result "1/2-1/2"]
[WhiteElo "1768"]
[BlackElo "2346"]
[PlyCount "80"]
[EventDate "2023.09.14"]
[EventType "swiss"]
[EventRounds "9"]
[EventCountry "PER"]
[SourceTitle "EXT 2024"]
[Source "ChessBase"]
[SourceDate "2023.10.10"]
[SourceVersion "1"]
[SourceVersionDate "2023.10.10"]
[SourceQuality "1"]

1. e4 e5 2. Nf3 Nc6 3. Bc4 Nf6 4. d3 Bc5 5. c3 0-0 6. 0-0 d5 7. exd5 Nxd5 8. Re1 Bg4 9. Nbd2 Nb6 10. h3 Bh5 11. Bb3 Qxd3 12. Nxe5 Qf5 13. Nef3 Rad8 14. Qe2 Nd5 15. Qe4 Qxe4 16. Nxe4 Bb6 17. Bg5 f6 18. Rad1 Bf7 19. Bc1 Nde7 20. Bxf7+ Kxf7 21. g3 Ng6 22. Kg2 Rfe8 23. Rxd8 Rxd8 24. Be3 h6 25. Nc5 Re8 26. b4 Bxc5 27. Bxc5 Rxe1 28. Nxe1 b6 29. Be3 Ke6 30. Kf3 Kd5 31. Ke2 a5 32. Nc2 axb4 33. cxb4 Kc4 34. Bd2 Nd4+ 35. Nxd4 Kxd4 36. a4 Kc4 37. a5 Kb5 38. axb6 cxb6 39. Ke3 Kc4 40. Ke4 Ne7 1/2-1/2

[Event "Pan American-ch Hybrid U14 31st"]
[Site "Tornelo INT"]
[Date "2021.09.04"]
[Round "9"]
[White "Batista Rosas, Nicolas Arturo"]
[Black "Ramirez Sifuentes, Luis Angel"]
[Result "1-0"]
[WhiteElo "1623"]
[BlackElo "1482"]
[PlyCount "71"]
[EventDate "2021.09.04"]
[EventType "swiss"]
[EventRounds "9"]
[EventCountry "NET"]
[SourceTitle "EXT 2023"]
[Source "ChessBase"]
[SourceDate "2022.10.05"]
[SourceVersion "1"]
[SourceVersionDate "2022.10.05"]
[SourceQuality "1"]

1. d4 Nf6 2. c4 e6 3. Nc3 d5 4. cxd5 exd5 5. Bg5 Nbd7 6. e3 Be7 7. h3 0-0 8. Bd3 h6 9. Bf4 c6 10. Nf3 Re8 11. Qc2 Nf8 12. 0-0-0 Bd6 13. Bxd6 Qxd6 14. Ne5 Be6 15. f4 Rec8 16. g4 c5 17. Kb1 a6 18. f5 Bd7 19. h4 b5 20. g5 Nh5 21. gxh6 Qxh6 22. Nxd5 Qd6 23. Qg2 cxd4 24. exd4 f6 25. Nxd7 Nxd7 26. Qf3 Re8 27. Bc2 Kf8 28. Qxh5 Qxd5 29. Qh8+ Qg8 30. Qh5 Qd5 31. Bb3 Qe4+ 32. Ka1 Ne5 33. dxe5 Ra7 34. exf6 gxf6 35. Qh8+ Ke7 36. Qg7# 1-0

[Event "Pan American-ch Hybrid U14 31st"]
[Site "Tornelo INT"]
[Date "2021.09.04"]
[Round "4"]
[White "Ramirez Sifuentes, Luis Angel"]
[Black "Goncalves, Davi Augusto"]
[Result "1-0"]
[WhiteElo "1482"]
[BlackElo "1642"]
[PlyCount "135"]
[EventDate "2021.09.04"]
[EventType "swiss"]
[EventRounds "9"]
[EventCountry "NET"]
[SourceTitle "EXT 2023"]
[Source "ChessBase"]
[SourceDate "2022.10.05"]
[SourceVersion "1"]
[SourceVersionDate "2022.10.05"]
[SourceQuality "1"]

1. e4 c6 2. Nc3 d5 3. Nf3 e6 4. d4 Nf6 5. e5 Nfd7 6. Ne2 c5 7. c3 Nc6 8. Ng3 Be7 9. Bd3 cxd4 10. cxd4 Bb4+ 11. Bd2 Bxd2+ 12. Qxd2 Qb6 13. Qc3 Nf8 14. Nh5 g6 15. Nf6+ Ke7 16. Rc1 Nd7 17. Ng4 Qb4 18. 0-0 Qxc3 19. Rxc3 Nb6 20. a3 Bd7 21. Rfc1 Rac8 22. Nf6 h6 23. Kf1 Rhd8 24. Ke2 Rb8 25. Ke3 Rdc8 26. Nd2 Na5 27. Rxc8 Rxc8 28. Rxc8 Bxc8 29. Ng8+ Kd7 30. Nxh6 Ke7 31. Ng8+ Kf8 32. Nf6 Ke7 33. h4 Nd7 34. Nh7 a6 35. g4 b5 36. b3 Nc6 37. f4 b4 38. a4 Na5 39. Bc2 Nc6 40. Nf3 Nd8 41. h5 gxh5 42. gxh5 f6 43. Nxf6 Nxf6 44. exf6+ Kxf6 45. Ne5 Kg7 46. Bg6 a5 47. Bd3 Kh6 48. Be2 Bb7 49. Bg4 Bc8 50. Kf3 Bb7 51. Ke3 Bc8 52. Nd3 Kg7 53. Bf3 Kh6 54. Nc5 Nc6 55. f5 exf5 56. Bxd5 Ne7 57. Bf3 Kg5 58. d5 Ng8 59. d6 Nf6 60. Bc6 f4+ 61. Kd4 f3 62. Bxf3 Bd7 63. Nxd7 Nxd7 64. Bc6 Nb8 65. Kc5 Kxh5 66. Kb6 Kg6 67. d7 Nxc6 68. Kxc6 1-0

[Event "Pan American-ch Hybrid U14 31st"]
[Site "Tornelo INT"]
[Date "2021.09.04"]
[Round "6"]
[White "Sloan, Jed David"]
[Black "Ramirez Sifuentes, Luis Angel"]
[Result "1/2-1/2"]
[WhiteElo "1806"]
[BlackElo "1482"]
[PlyCount "56"]
[EventDate "2021.09.04"]
[EventType "swiss"]
[EventRounds "9"]
[EventCountry "NET"]
[SourceTitle "EXT 2023"]
[Source "ChessBase"]
[SourceDate "2022.10.05"]
[SourceVersion "1"]
[SourceVersionDate "2022.10.05"]
[SourceQuality "1"]

1. e4 c5 2. Nf3 d6 3. d4 cxd4 4. Nxd4 Nf6 5. Nc3 a6 6. Be3 e5 7. Nf3 Be7 8. Bc4 0-0 9. 0-0 Qc7 10. Bb3 Nc6 11. Bg5 Be6 12. Bxf6 Bxf6 13. Nd5 Bxd5 14. Bxd5 Rac8 15. c3 Ne7 16. Qd3 Rfd8 17. Ne1 Qb6 18. Rb1 Nxd5 19. exd5 Rc5 20. Nc2 Rdc8 21. Ne3 Bg5 22. c4 g6 23. b4 R5c7 24. c5 dxc5 25. Nc4 Qf6 26. b5 Rd8 27. d6 Rcd7 28. Qa3 Bh6 1/2-1/2